Geschichte des Rechtsextremismus, Nationalsozialismus, und Faschismus - Statistiken

Allgemein
  • Dieses Quiz wurde 281 mal gespielt
  • Das Durchschnittsergebnis liegt bei 11 aus 15
Antwortstatistiken
Ereignis Antwort % Korrekt
Dieses politisch-ideologische Buch, verfasst von Adolf Hitler, schildert dessen (stark stilisierten) politischen Werdegang und die Entwicklung seiner Weltanschauung Mein Kampf
98%
Dieses Zeichen wird 1935 zentraler Bestandteil der Flagge des Deutschen Reiches Hakenkreuz
95%
Das Tagebuch dieser deutschen Jüdin, in welchem sie beschreibt, wie sie sich vor den Nationalsozialisten versteckt, gehört seit 2009 in das Weltdokumentenerbe der UNESCO und machte diese zu einem der bekanntesten Opfer des Holocaust Anne Frank
92%
Diese Geste besteht aus dem ausgestreckten rechten Arm und der flachen Hand, die schräg nach oben gestreckt werden, und ist seit Ende des 2. Weltkriegs 1945 in Deutschland und Österreich verboten Hitlergruß
92%
Dieser Politiker wird 1925 alleiniger Diktator von Italien Benito Mussolini
91%
Dieser Politiker der NSDAP wird 1933 Propagandaminister unter Hitler Joseph Goebbels
88%
Diese Fraktionsvorsitzenden der AfD hielt im Bundestag ihre bekannte Rede, in welcher sie unter anderem von "Kopftuchmädchen und anderen Taugenichtsen" spricht. Alice Weidel
84%
Dieser Rechtsextremist ist Spitzenkandidat der AfD während den Landtagswahlen in Thüringen 2024, welche die Wahlen mit 32,8% der Stimmen gewinnt. Björn Höcke
80%
Dieser US-amerikanischer rassistischer Geheimbund ist für seine "Gespenstermasken" und das brennende Kreuz bekannt Ku-Klux-Klan
66%
Dieser Gruß wird von den rechtextremistischen Grauen Wölfen in der Türkei verwendet und ist in Österreich verboten Wolfsgruß
62%
Dieser AfD-Politiker bezeichnet 2018 das Dritte Reich als "Vogelschiss" Alexander Gauland
57%
Diese nationalsozialistische Organisation war an Planung und Durchführung der Shoah vorrangig beteiligt, ihr Abzeichen ist heute verfassungsfeindlich (Vollständiger Name) Schutzstaffel
50%
Der Zeppelin "Hindenburg" flog mit diesem leichtentflammbaren Stoff und verbrannte deswegen bei der Landung in New York 1937 Wasserstoff
43%
Diese Ex-AfD-Politikerin schlug vor, den Begriff "völkisch" wieder "positiv besetzt" zu verwenden. Frauke Petry
33%
Dieser Autor war der einzige, der bei den Bücherverbrennungen 1933 anwesend war, als sein Roman "Fabian" und seine Gedichtbände verbrannt wurden Erich Kästner
24%
Keine übereinstimmenden Quizze gefunden
Verteilung der Resultate
Anzahl Personen mit jedem Resultat
Perzentil nach korrekt beantworteten Fragen
Ihre Resultats-Entwicklung
Sie haben dieses Quiz noch nicht gespielt